000
00288 a2200133 4500
005
20250702072308.0
020
_a
0-701-16719-x
082
_a
658 RIC
100
_a
RICE, A.
245
_a
Blood and Gold,
260
_a
London,
_b
Britain,
_c
2001.
300
_a
471p,
_c
24cm.
942
_2
ddc
_c
BKS
999
_c
6534
_d
6534